00458nam a2200133 a 450000100100000000500170001000800410002704000250006808200150009310000390010824501110014726000360025830000300029400003019120200930060123.0110504s1991 dr c 000 0 spa d aDO-SdBNPbspacBNPHU axxxbP438f1 aPérez y Pérez, Rafael Leonidas10aFundación del distrito municipal de Mella, provincia independencia /cRafael Leonidas Pérez y Pérez. aSanto Domingo :b[s.n.],c1991. a17 p. :bretrs. ;c22 cm.